| 000 | 01630cam a22003735a 4500 | ||
|---|---|---|---|
| 003 | EG-ScBUE | ||
| 005 | 20220523100439.0 | ||
| 008 | 090706r19961991enka f 000 0 eng d | ||
| 020 | _a0521376866 (Workbook 3) | ||
| 020 | _a9780521376860 (Workbook 3) | ||
| 020 | _a052137684X (Student’s book 3) | ||
| 020 | _a9780521376846 (Student’s book 3) | ||
| 040 |
_aEG-ScBUE _beng _erda _cEG-ScBUE _dEG-ScBUE |
||
| 082 | 0 | 4 |
_a428.24 _bRIC _222 |
| 100 | 1 |
_aRichards, Jack C, _d1943- _eauthor. _97619 |
|
| 245 | 1 | 0 |
_aInterchange : _bEnglish for international communication. _n3 / _cJack C. Richards, Jonathan Hull, Susan Proctor. |
| 250 | _aReprinted edition. | ||
| 264 | 1 |
_aCambridge, U.K. : _bCambridge University Press, _c1996. |
|
| 300 |
_a2 volumes : _billustrations ; _c28 cm |
||
| 336 |
_2rdacontent _atext _btxt |
||
| 337 |
_2rdamedia _aunmediated _bn |
||
| 338 |
_2rdacarrier _avolume _bnc |
||
| 505 | 0 | _aStudent's book -- Workbook. | |
| 520 | _aThis is the teacher's manual for "Interchange", level three. "Interchange" is a three-level course for learners of English as a foreign language. The course reflects the interests and needs of adults and young adults, taking them from beginning to high intermediate level. | ||
| 590 | _amohamed. | ||
| 650 | 7 |
_aEnglish language _vTextbooks for foreign speakers. _2BUEsh |
|
| 650 | 7 |
_aCommunication, International _vProblems, exercises, etc. _2BUEsh |
|
| 651 | _2BUEsh | ||
| 653 |
_bHHUUEENN _cOctober2018 _cJuly2019 |
||
| 655 |
_vReading book _934232 |
||
| 700 | 1 |
_aHull, Jonathan, _eauthor. _97623 |
|
| 700 | 1 |
_aProctor, Susan, _d1945- _eauthor. _97624 |
|
| 942 |
_2ddc _cBB |
||
| 999 |
_c12214 _d12214 |
||